000 00509nam a2200181Ia 4500
001 21318
005 20260306172910.0
008 260306t2017||||xx |||||||||||||| ||spa||
041 _aESP
082 _a344.526
_bM42
100 _aMendoza Llamacponcca, Fidel
_eAUT
245 0 _aEl delito de lavado de activos:
_baspectos sustantivos y procesales del tipo base como delito autónomo
260 _c2017
300 _a574 páginas :
_c24 cm.
650 _aGEN
654 _aCDE
942 _cLIB
_dJUS
_fJUS
_2ddc
_n
999 _c21318
_d21318